00972nam a2200217 a 4500999001500000001000500015003000500020005001700025008004100042040002000083100003600103245022200139260000900361300003500370505006400405600006800469700002600537856007000563942001300633952010800646 c5942d59425942CDMR20231023142750.0130220s2009||||||||||||||||||||||||||||d aCDMRbcatcCDMR1 aSalgado de Dios, Francesc9295613aLa construcció de la identitat periodística de Manuel Vázquez Montalbán b: de la censura a la transició (1960-1978) [recurs electrònic] / cJ. Francesc Salgado de Dios ; director: Jaume Guillamet Lloveras c2009 a1 recurs electrònic (475 p.) aTesi doctoral llegida a la Universitat Pompeu Fabra el 20091 9766aVázquez Montalbán, ManuelxCrítica i interpretació1 9417aGuillamet, Jaume40uhttp://www.tdx.cat/handle/10803/7261yDisponible en línia (TDX) cTSN2udc 00104071aCDMRbCDMRd2013-02-20l0oDisponible en líniapCDMR13108139r2013-02-20w2013-02-20yTSN